000 01055cam a2200229 4500
001 ABS65131
008 020308n2002 000 0 eng u
035 _a(Sirsi) u117065
100 _aLangley, R.
245 _aDispute Adjudication Board procedures under FIDIC
260 _c2002
490 _aCost Engineer
_v40(1) February 2002, 18(1)
520 _aLooks at resolving international construction contract disputes. Gives practical advice on being an adjudicator and points out that, although the process may have difficulties, six times as many construction disputes were resolved through adjudication as were referred to the Technology and Construction Court in 2001.
590 _aABS
650 _aMANAGEMENT-DISPUTE AVOIDANCE, MANAGEMENT AND RESOLUTION-DISPUTE MANAGEMENT AND RESOLUTION-ALTERNATIVE DISPUTE RESOLUTION-ADJUDICATION
650 _aFIDIC
650 _aDISPUTE ADJUDICATION BOARD
650 _aCONTRACT DISPUTES
650 _aBUILT ENVIRONMENT-BUILDING CONTRACT FORMS
690 _aDispute resolution
_96236
942 _n0
999 _c69746
_d69746